000 00800nam a2200241 a 4500
008
020 _a0750619937 (pbk.)
049 _aMAIN
090 _aHF5415.13
100 1 _aHatton, Angela.
245 1 0 _aEffective management for marketing :
_b2001-2002 /
_cMike Worsam and Mike Worsam.
260 _aOxford :
_bButterworth Heinemann on behalf of the Chartered Institute of Marketing,
_c2001.
300 _ax, 315 p. :
_bill. ;
_c30 cm.
500 _aIncludes index.
650 0 _aMarketing
_xManagement
_xExaminations
_xStudy guides.
700 1 _aWorsam, Mike.
710 2 _aChartered Institute of Marketing.
907 _a.b10141388
_b02-12-04
_c01-12-04
003
005 20230123133855.0
040 _cNUST
942 _cBOOKS
_kHF5415.13
999 _c156085
_d156085